Využití analytických ukazatelů odvozených z bilance meziodborových vztahů pro vyjádření kvalitativních charakteristik jednotlivých výrob zkušenosti z dosavadních propočtů
Salvato in:
| Autore principale: | |
|---|---|
| Natura: | Libro |
| Lingua: | ceco |
| Pubblicazione: |
Praha
Výzkumný ústav soc. ekon. informaci a automat. v řízení
1984
|
| Serie: | Studijní materiál
č. 3 |
| Tags: |
Nessun Tag, puoi essere il primo ad aggiungerne!!
|
MARC
| LEADER | 00000nam a2200000 4500 | ||
|---|---|---|---|
| 001 | c105922 | ||
| 005 | 20041019155135.7 | ||
| 041 | 0 | |a cze | |
| 044 | |a CZ | ||
| 245 | 1 | 0 | |a Využití analytických ukazatelů odvozených z bilance meziodborových vztahů pro vyjádření kvalitativních charakteristik jednotlivých výrob |b zkušenosti z dosavadních propočtů |c Marie Vavrejnová |
| 264 | 1 | |a Praha |b Výzkumný ústav soc. ekon. informaci a automat. v řízení |c 1984 | |
| 300 | |a 42 s. | ||
| 490 | 1 | |a Studijní materiál |v č. 3 | |
| 830 | 0 | |a Studijní materiál |v č. 3 | |
| 100 | 1 | |a Vavrejnová, Marie | |